Las teora̕s de la causalidad en el daǫ

Bibliographic Details
Main Author: Melchiori, Franco Andrš
Format: eBook
Language:Spanish
Published: Barcelona: J.M. Bosch Editor, 2020
Subjects:
Online Access:Acceso restringido

MARC

LEADER 00000nam a22000007a 4500
005 20200605230426.0
007 cr|||| ||||
008 200605s2020 es |||||s|||| 00||0 spa d
020 |a 978-84-121751-0-3 
035 |a 31725 
040 |a vLex 
090 |c 10568  |d 10568 
100 1 |a Melchiori, Franco Andrš 
245 1 3 |a Las teora̕s de la causalidad en el daǫ  |h [Recurso electrn̤ico] /  |c Franco Andrš Melchiori 
256 |a Servicio en ln̕ea 
260 |a Barcelona:  |b J.M. Bosch Editor,  |c 2020 
300 |a 1 recurso electrn̤ico 
500 |a Equivalencia de las condiciones, causalidad adecuada e imputacin̤ objetiva en la doctrina del Tribunal Supremo. Ante la existencia de un daǫ injusto, uno de los presupuestos de responsabilidad civil que ms̀ dificultades genera para los operadores jurd̕icos es el de la causalidad. La complejidad del fenm̤eno causal ha llevado a los juristas a elaborar diversas teora̕s para dar respuestas a la sociedad. La diversidad de teora̕s y posturas, as ̕como de conflictos, cada vez ms̀ crecientes, que presenta la realidad, son la antesala a una jurisprudencia inconstante. Los tribunales, en su intencin̤ de impartir justicia, mutan de un criterio a otro, de una postura a otra. Y la Sala de lo Civil del Tribunal Supremo no ha sido una excepcin̤. En el presente libro se realiza un anl̀isis de las teora̕s causales ms̀ aplicadas por la jurisprudencia de la Sala Primera. Tarea nada fc̀il si se considera lo dicho en el pr̀rafo anterior: muchas veces no es asequible establecer una pauta de conducta, una teora̕ uniforme, dentro de las sentencias de la Sala de lo Civil. No obstante, a travš del estudio de ms̀ de 100 sentencias se pretende establecer un patrn̤ relativamente uniforme, se busca desentraąr la gua̕ en el proceder de la Excelents̕ima Sala. Mediante un recorrido cronolg̤ico a la vez que dogmt̀ico, se explica el camino que ha recorrido la Sala de lo Civil en materia causal. Por motivos obvios, se explican de modo casi exclusivo las teora̕s de la equivalencia de las condiciones, la teora̕ de la causalidad adecuada y la teora̕ de la imputacin̤ objetiva. La conclusin̤ es a la vez una sn̕tesis y una propuesta: explica cm̤o ha procedido habitualmente la Sala Primera y da algunas recomendaciones. 
506 1 |a Disponible solo en los productos indicados  |d vLex Global  |d vLex Global (Academic Edition, excluding Law Schools)  |d vLex Global (U.S. Academic Edition, Law Schools)  |d vLex Global (U.S. Academic Edition, excluding Law Schools)  |d vLex Global (Academic Edition, Law Schools) 
650 0 4 |a Derecho Civil  |z Espaą 
740 0 |a vLex Libros (Servicio en ln̕ea) 
856 4 0 |u http://vlex.com/source/teorias-de-la-causalidad-en-el-da-o-equivalencia-de-las-condiciones-causalidad-adecuada-e-imputacion-objetiva-en-la-doctrina-del-tribunal-supremo-31725  |z Acceso restringido 
942 |c BOOK 
999 0 |a Civil Law